[Event "Washington Open"]
[Site "Chess.com"]
[Date "2020.05.25"]
[Round "?"]
[White "Tatikonda, Nihanth"]
[Black "Zhu, Florina"]
[Result "1-0"]
[WhiteElo "1226"]
[BlackElo "1506"]
[PlyCount "129"]
[EventDate "2020.??.??"]

1. d4 Nf6 2. c4 g6 3. Nc3 Bg7 4. e4 d6 5. Nf3 O-O 6. Be2 e5 7. O-O Nc6 8. d5
Ne7 9. Ne1 Nd7 10. Nd3 f5 11. Bd2 f4 12. f3 g5 13. b4 h5 14. c5 Nf6 15. h3 h4
16. a3 Nh5 17. Be1 Ng3 18. Bxg3 hxg3 19. b5 Ng6 20. Re1 Nh8 21. c6 b6 22. a4
Bh6 23. a5 g4 24. fxg4 Qh4 25. Bf3 Rf7 26. axb6 cxb6 27. Na4 Rb8 28. Re2 Rg7
29. Rea2 Qd8 30. Nc3 Ra8 31. Ra4 Rc7 32. Na2 Nf7 33. Nab4 Bf8 34. Na6 Bxa6 35.
Rxa6 Ng5 36. Ne1 Rh7 37. R1a2 Qc7 38. Qa1 Re7 39. Qb2 Kf7 40. h4 Nh7 41. h5 Ke8
42. Nd3 Kd8 43. Nb4 Kc8 44. R6a4 Kd8 45. Na6 Qc8 46. c7+ Ke8 47. Qc2 Nf6 48. g5
Nd7 49. Bg4 Qb7 50. Nb8 Rxb8 51. Bxd7+ Rxd7 52. cxb8=Q+ Qxb8 53. Qc6 Kd8 54.
Qxd7+ Kxd7 55. Rxa7+ Ke8 56. Ra8 Qxa8 57. Rxa8+ Kf7 58. Rb8 Be7 59. h6 Kg6 60.
Rxb6 Bxg5 61. Rxd6+ Kh7 62. b6 Be7 63. Rd7 Kxh6 64. Rxe7 Kg5 65. b7 1-0

[Event "Washington Open"]
[Site "Chess.com"]
[Date "2020.05.25"]
[Round "?"]
[White "He, Justin"]
[Black "Tatikonda, Nihanth"]
[Result "1-0"]
[WhiteElo "1562"]
[BlackElo "1226"]
[PlyCount "107"]
[EventDate "2020.??.??"]

1. e4 c5 2. Nf3 g6 3. d4 cxd4 4. Nxd4 Bg7 5. Nc3 Nc6 6. Be3 Nf6 7. Bc4 O-O 8.
Bb3 a5 9. O-O d6 10. Ndb5 Ne5 11. f4 Ned7 12. Qd2 Ng4 13. Bd4 Nc5 14. Bd5 Nf6
15. Qf2 Nxd5 16. exd5 b6 17. Bxg7 Kxg7 18. Nd4 e6 19. Rae1 exd5 20. Nxd5 Bb7
21. Ne7 Re8 22. f5 Ne4 23. f6+ Kf8 24. Qh4 Rxe7 25. fxe7+ Qxe7 26. Qxh7 Ke8 27.
Rf4 f5 28. Qxg6+ Qf7 29. Qxf5 Qxf5 30. Nxf5 d5 31. Nd6+ Kd7 32. Nxb7 Rb8 33.
Rf7+ Kc6 34. Rxe4 dxe4 35. Kf2 Re8 36. Ke3 Rg8 37. g3 Rh8 38. h4 Rg8 39. Kf4
Re8 40. Ke3 Rg8 41. Kxe4 Rxg3 42. h5 Rh3 43. Rh7 Rh2 44. h6 Rh3 45. Nd8+ Kd6
46. Kf5 Rh2 47. Rg7 Rxh6 48. Nf7+ Kd5 49. Nxh6 b5 50. Rg5 Kd4 51. Ke6 Kc4 52.
Kd6 a4 53. Kc6 b4 54. Rg4# 1-0

[Event "Washington Open"]
[Site "Chess.com"]
[Date "2020.05.23"]
[Round "?"]
[White "Quintana-Razo, Francisco"]
[Black "Shanmugam, Meera"]
[Result "0-1"]
[WhiteElo "708"]
[BlackElo "1224"]
[PlyCount "84"]
[EventDate "2020.??.??"]

1. d4 d5 2. Bf4 e6 3. e3 Be7 4. Bd3 Nf6 5. h3 Nbd7 6. Nd2 b6 7. Ngf3 Bb7 8. c3
O-O 9. Ne5 c5 10. Ng4 Rc8 11. O-O a6 12. Re1 Re8 13. Rc1 c4 14. Bc2 b5 15. b3
Kh8 16. b4 a5 17. a3 Ra8 18. Ne5 Rf8 19. Nxd7 Qxd7 20. Nf3 axb4 21. axb4 Ra3
22. Qd2 Rfa8 23. Ne5 Qe8 24. Bb1 Kg8 25. f3 Qd8 26. Ng4 Nxg4 27. fxg4 Bh4 28.
Rf1 Bf6 29. Qc2 g6 30. Qf2 Qe7 31. g5 Bg7 32. h4 Rf8 33. Qc2 Bc8 34. h5 e5 35.
hxg6 fxg6 36. dxe5 Bf5 37. Qd2 Bxb1 38. Rxb1 Bxe5 39. Qxd5+ Rf7 40. Bxe5 Ra7
41. Rxf7 Qxf7 42. Rf1 Qxd5 0-1

[Event "Washington Open"]
[Site "Chess.com"]
[Date "2020.05.23"]
[Round "?"]
[White "Shanmugam, Meera"]
[Black "He, Justin"]
[Result "0-1"]
[WhiteElo "1224"]
[BlackElo "1562"]
[PlyCount "118"]
[EventDate "2020.??.??"]

1. e4 c6 2. d4 d5 3. Nc3 dxe4 4. Nxe4 Bf5 5. Ng3 Bg6 6. h4 h6 7. Nf3 Nd7 8. Bf4
Ngf6 9. Qd2 Qb6 10. O-O-O e6 11. Bd3 Bxd3 12. Qxd3 O-O-O 13. Rhe1 Nd5 14. Bd2
Kb8 15. c4 N5f6 16. Bc3 Be7 17. Qd2 Qa6 18. b3 Bd6 19. Ne2 Ne4 20. Qe3 Ndf6 21.
Kb1 Nxc3+ 22. Qxc3 c5 23. g3 Qb6 24. Rd2 Ne4 25. Qc2 Nxd2+ 26. Qxd2 cxd4 27.
Qxd4 Qxd4 28. Nexd4 Bc5 29. Rd1 f6 30. Kc2 e5 31. Ne6 Rxd1 32. Kxd1 Bxf2 33.
Nxg7 Bxg3 34. Nf5 Bf4 35. Ke2 Rg8 36. Kd3 Rg2 37. a4 Rb2 38. Kc3 Rf2 39. Ng1
Bd2+ 40. Kd3 Rxf5 41. Kxd2 Rf4 42. h5 Rh4 43. Nf3 Rxh5 44. Ke3 Rf5 45. Nd2 h5
46. Nf3 Rf4 47. Kf2 e4 48. Ke3 Rxf3+ 49. Kxe4 Rxb3 50. Kd4 h4 51. Ke4 h3 52.
Kf5 h2 53. Kxf6 h1=Q 54. Ke5 Rg3 55. Kd4 Qh4+ 56. Kc5 b6+ 57. Kb4 Qe7+ 58. Kb5
Qc5+ 59. Ka6 Qa5# 0-1

[Event "Washington Open"]
[Site "Chess.com"]
[Date "2020.05.25"]
[Round "?"]
[White "Sunku, Charith"]
[Black "Shanmugam, Meera"]
[Result "1-0"]
[WhiteElo "1579"]
[BlackElo "1224"]
[PlyCount "139"]
[EventDate "2020.??.??"]

1. e4 e5 2. Nf3 Nf6 3. Nxe5 d6 4. Nf3 Nxe4 5. d4 d5 6. Nc3 Nc6 7. Bd3 Nxc3 8.
bxc3 Be7 9. O-O O-O 10. h3 Be6 11. Bf4 Rc8 12. Ne5 Nxe5 13. Bxe5 f6 14. Bg3 Re8
15. Qh5 f5 16. Bxf5 Bxf5 17. Qxf5 Bf6 18. Rab1 b6 19. Rfe1 Rf8 20. Qe6+ Kh8 21.
Qc6 h6 22. Re2 a5 23. Rbe1 Kh7 24. Be5 Bg5 25. g3 Rf7 26. f4 Be7 27. Qe6 Qf8
28. Rf1 c6 29. f5 Bf6 30. Bd6 Qg8 31. g4 Kh8 32. Be5 Re7 33. Qd6 Qe8 34. Rfe1
c5 35. Qxb6 cxd4 36. cxd4 a4 37. Qd6 Rc6 38. Qxd5 Bh4 39. Bxg7+ Kxg7 40. Rxe7+
Bxe7 41. Rxe7+ Qxe7 42. Qxc6 Qe3+ 43. Kh2 Qf4+ 44. Kg2 Qd2+ 45. Kg3 Qe1+ 46.
Kf4 Qd2+ 47. Ke5 Qe3+ 48. Qe4 Qg3+ 49. Ke6 Qxh3 50. Qe5+ Kh7 51. Kf7 Qxg4 52.
Qf6 Qg8+ 53. Ke7 h5 54. d5 Qxd5 55. Qg6+ Kh8 56. Qxh5+ Kg8 57. Qg6+ Kh8 58.
Qh6+ Kg8 59. Qe6+ Qxe6+ 60. fxe6 Kg7 61. Kd7 Kf8 62. e7+ Kf7 63. e8=Q+ Kf6 64.
Qe4 Kf7 65. Qe5 Kg6 66. Qf4 Kh5 67. Qg3 Kh6 68. Ke7 Kh7 69. Kf7 Kh6 70. Qg6#
1-0

[Event "Washington Open"]
[Site "Chess.com"]
[Date "2020.05.23"]
[Round "?"]
[White "Stein, Daniel"]
[Black "Hack, Don"]
[Result "1-0"]
[WhiteElo "1555"]
[BlackElo "1204"]
[PlyCount "47"]
[EventDate "2020.??.??"]

1. e4 c6 2. d4 d5 3. e5 Bf5 4. h4 h5 5. Bg5 Qa5+ 6. Nc3 e6 7. Bd3 Bxd3 8. Qxd3
Nd7 9. Nf3 c5 10. dxc5 Bxc5 11. O-O a6 12. Rfe1 Ne7 13. a3 Ba7 14. Bxe7 Kxe7
15. Ng5 Qb6 16. Qf3 f5 17. exf6+ Nxf6 18. Rxe6+ Qxe6 19. Nxe6 Kxe6 20. Re1+ Kd6
21. Qg3+ Kc6 22. Re6+ Kc5 23. Qd6+ Kc4 24. Qb4# 1-0

[Event "Washington Open"]
[Site "Chess.com"]
[Date "2020.05.25"]
[Round "?"]
[White "Hack, Don"]
[Black "Li, Emma"]
[Result "0-1"]
[WhiteElo "1204"]
[BlackElo "1342"]
[PlyCount "148"]
[EventDate "2020.??.??"]

1. d4 d5 2. c4 c6 3. Nf3 Nf6 4. e3 e6 5. b3 Nbd7 6. Bb2 Bb4+ 7. Bc3 Qa5 8. Bxb4
Qxb4+ 9. Nbd2 O-O 10. Be2 b6 11. O-O Bb7 12. a3 Qd6 13. h3 c5 14. cxd5 exd5 15.
Qc2 Rac8 16. Qb2 Rfe8 17. Rfc1 h6 18. a4 Ne4 19. Rc2 Ndf6 20. Rac1 Nxd2 21.
Rxd2 Ne4 22. Rdc2 Rc7 23. Nd2 Bc8 24. Nxe4 Rxe4 25. Bf3 Ree7 26. Qa3 Bf5 27.
dxc5 bxc5 28. Rxc5 Rxc5 29. Qxc5 Qxc5 30. Rxc5 Be4 31. Bxe4 dxe4 32. b4 Kf8 33.
b5 Ke8 34. a5 Kd8 35. Kf1 Rc7 36. Rd5+ Rd7 37. Rd4 f5 38. Ke2 Kc8 39. Kd2 Rc7
40. b6 axb6 41. axb6 Rc6 42. b7+ Kxb7 43. Rd7+ Rc7 44. Rxc7+ Kxc7 45. Kc3 Kd7
46. Kd4 Ke6 47. f3 exf3 48. gxf3 Kd6 49. e4 fxe4 50. Kxe4 Ke6 51. Kf4 Kf6 52.
Kg4 Kg6 53. h4 Kf6 54. h5 Ke5 55. f4+ Kf6 56. Kg3 Kf5 57. Kf3 Ke6 58. Kg4 Kf6
59. Kf3 Kf5 60. Kg3 Kf6 61. Kg4 Ke6 62. Kg3 Kd5 63. Kg4 Ke4 64. Kg3 Ke3 65. Kg4
Kf2 66. Kf5 Kg3 67. Kg6 Kxf4 68. Kxg7 Kg5 69. Kf7 Kxh5 70. Kf6 Kg4 71. Kg6 h5
72. Kf6 h4 73. Ke5 h3 74. Ke4 h2 0-1

[Event "Washington Open"]
[Site "Chess.com"]
[Date "2020.05.25"]
[Round "?"]
[White "Devaraju, Sonia"]
[Black "Hack, Don"]
[Result "1/2-1/2"]
[WhiteElo "1543"]
[BlackElo "1204"]
[PlyCount "47"]
[EventDate "2020.??.??"]

1. e4 c6 2. d4 d5 3. e5 Bf5 4. Nf3 e6 5. Bd3 Bxd3 6. Qxd3 Nd7 7. Nc3 c5 8. Be3
cxd4 9. Bxd4 Ne7 10. O-O Nc6 11. Rfe1 Nxd4 12. Nxd4 Be7 13. Rad1 a6 14. a3 Rc8
15. Re3 Nc5 16. Qe2 O-O 17. Rh3 Qb6 18. b4 Nd7 19. Qh5 h6 20. Rg3 Bg5 21. Na4
Qc7 22. Rf1 Qxe5 23. Nf3 Nf6 24. Qh3 1/2-1/2

[Event "Washington Open"]
[Site "Chess.com"]
[Date "2020.05.23"]
[Round "?"]
[White "Suess, Wade"]
[Black "Devaraju, Sonia"]
[Result "1-0"]
[WhiteElo "1195"]
[BlackElo "1543"]
[PlyCount "49"]
[EventDate "2020.??.??"]

1. e4 e5 2. Nf3 Nc6 3. d4 exd4 4. Nxd4 Bc5 5. Be3 Qf6 6. c3 d6 7. Be2 Bd7 8. b4
Bb6 9. Na3 Nge7 10. Nc4 Ng6 11. O-O O-O 12. Nxb6 axb6 13. f4 Rfe8 14. Bd3 Qe7
15. Bd2 Rad8 16. Qe1 Qf6 17. Nb5 Rc8 18. Qg3 h5 19. Rae1 h4 20. Qf3 Qe7 21. Qh5
Rf8 22. e5 dxe5 23. f5 Nh8 24. f6 g6 25. Qh6 1-0

[Event "Washington Open"]
[Site "Chess.com"]
[Date "2020.05.24"]
[Round "?"]
[White "Suess, Wade"]
[Black "Rodriguez, Odysseus"]
[Result "0-1"]
[WhiteElo "1195"]
[BlackElo "1499"]
[PlyCount "88"]
[EventDate "2020.??.??"]

1. e4 c6 2. c4 d5 3. cxd5 cxd5 4. exd5 Nf6 5. Nc3 g6 6. Bc4 Bg7 7. Qb3 O-O 8.
Nge2 Nbd7 9. d4 Nb6 10. Bf4 Nxc4 11. Qxc4 b6 12. Bc7 Qd7 13. Qc6 Ba6 14. Qxd7
Nxd7 15. O-O-O Rac8 16. d6 exd6 17. Bxd6 Bxe2 18. Bxf8 Kxf8 19. Rde1 Bg4 20. f3
Be6 21. d5 Bxd5 22. Rd1 Be6 23. Kd2 Ne5 24. Rhe1 Nc4+ 25. Kc2 Nxb2 26. Kxb2
Bxc3+ 27. Kb1 Bxe1 28. Rxe1 Bf5+ 29. Kb2 Rc2+ 30. Kb3 Rxg2 31. Kc4 Rxh2 32. a4
a5 33. Kd5 Ra2 34. Ke5 h5 35. Kf6 Rxa4 36. Rd1 Ke8 37. Rd6 Rb4 38. Kg7 h4 39.
Rf6 h3 40. Rxf7 h2 41. Kh8 h1=Q+ 42. Rh7 Rh4 43. f4 Rxh7+ 44. Kg8 Be6# 0-1

[Event "Washington Open"]
[Site "Chess.com"]
[Date "2020.05.25"]
[Round "?"]
[White "Suess, Wade"]
[Black "Chan, Ethan"]
[Result "0-1"]
[WhiteElo "1195"]
[BlackElo "1566"]
[PlyCount "60"]
[EventDate "2020.??.??"]

1. e4 e5 2. Nf3 Nc6 3. d4 exd4 4. Nxd4 Bc5 5. Be3 Qf6 6. c3 Nge7 7. Be2 O-O 8.
O-O Bb6 9. f4 d6 10. Na3 Nxd4 11. cxd4 Nc6 12. Nc2 Re8 13. e5 dxe5 14. fxe5 Qe7
15. Bc4 Rf8 16. Qh5 g6 17. Qf3 Bf5 18. Kh1 Bxc2 19. Qf4 g5 20. Qxg5+ Qxg5 21.
Bxg5 Bxd4 22. Rac1 Bg6 23. Rce1 Bxe5 24. Bh6 Bg7 25. Bg5 Rfe8 26. Rd1 Ne5 27.
Bb3 h6 28. Bf4 Rad8 29. Rc1 Nd3 30. Rxc7 Nxf4 0-1

[Event "Washington Open"]
[Site "Chess.com"]
[Date "2020.05.23"]
[Round "?"]
[White "Elliott, William"]
[Black "Kolar, Jonah"]
[Result "0-1"]
[WhiteElo "1541"]
[BlackElo "1187"]
[PlyCount "76"]
[EventDate "2020.??.??"]

1. c4 c5 2. Nc3 Nc6 3. Nf3 Nf6 4. g3 b6 5. Bg2 Bb7 6. b3 Nd4 7. O-O e6 8. e3
Nxf3+ 9. Bxf3 Qc8 10. d3 d5 11. d4 cxd4 12. Qxd4 dxc4 13. Bxb7 Qxb7 14. Qxc4
Rc8 15. Qb5+ Qc6 16. Qxc6+ Rxc6 17. Bb2 Bb4 18. Rac1 Rd6 19. Rfd1 a6 20. a3
Rxd1+ 21. Rxd1 Bxc3 22. Bxc3 O-O 23. Bxf6 gxf6 24. Rd6 Rb8 25. Kg2 Kf8 26. Kf3
Ke7 27. Rc6 Kd7 28. Rc3 Rg8 29. b4 Rg5 30. h4 Rf5+ 31. Ke2 Rd5 32. Rd3 Kc6 33.
Rxd5 Kxd5 34. Kd3 f5 35. f4 b5 36. h5 h6 37. e4+ fxe4+ 38. Ke3 f5 0-1

[Event "Washington Open"]
[Site "Chess.com"]
[Date "2020.05.24"]
[Round "?"]
[White "Kolar, Jonah"]
[Black "Brown, Northern"]
[Result "0-1"]
[WhiteElo "1187"]
[BlackElo "1480"]
[PlyCount "34"]
[EventDate "2020.??.??"]

1. d4 g6 2. Bf4 Bg7 3. e4 c5 4. c3 Qb6 5. dxc5 Qxb2 6. e5 Qxa1 7. Qb3 Nc6 8.
Bc1 Na5 9. Qc2 Bxe5 10. Nf3 Bg7 11. Nfd2 Nf6 12. Nb3 Nxb3 13. Qxb3 Ne4 14. Bd3
Nxc5 15. Qc2 Nxd3+ 16. Kd2 Nxc1 17. Rxc1 Bh6+ 0-1

[Event "Washington Open"]
[Site "Chess.com"]
[Date "2020.05.24"]
[Round "?"]
[White "Stein, Daniel"]
[Black "Kolar, Jonah"]
[Result "1-0"]
[WhiteElo "1555"]
[BlackElo "1187"]
[PlyCount "99"]
[EventDate "2020.??.??"]

1. e4 c6 2. d4 d5 3. e5 Bf5 4. h4 h5 5. Bg5 Qb6 6. Bd3 Bxd3 7. Qxd3 Qxb2 8. e6
f6 9. Be3 c5 10. dxc5 Qxa1 11. Qb5+ Kd8 12. Qxb7 Qxa2 13. Bf4 Qa5+ 14. Kd1 Qxc5
15. Bxb8 Qc8 16. Qxa8 Qxe6 17. Be5+ Qc8 18. Qxd5+ Ke8 19. Bg3 e6 20. Qd3 Kf7
21. Nf3 Bb4 22. Ke2 Ne7 23. Rd1 a6 24. Kf1 Ba5 25. Na3 Rd8 26. Qe2 Nd5 27. Nd4
g6 28. Qc4 Qd7 29. Qxa6 Bb4 30. Kg1 Nc7 31. Bxc7 Qxc7 32. Qxe6+ Kg7 33. Qb3 Kh6
34. Qxb4 Qe5 35. Nf5+ gxf5 36. Rxd8 Qa1+ 37. Nb1 Kg6 38. Rb8 Qe5 39. Qf8 Qe1+
40. Kh2 Qxf2 41. Qg8+ Kh6 42. Qh8+ Kg6 43. Rg8+ Kf7 44. Rg7+ Ke6 45. Qe8+ Kd6
46. Rd7+ Kc5 47. Qc8+ Kb6 48. Rb7+ Ka6 49. Qa8+ Qa7 50. Qxa7# 1-0

[Event "Washington Open"]
[Site "Chess.com"]
[Date "2020.05.23"]
[Round "?"]
[White "Bunch, Drew"]
[Black "Singh, Saket"]
[Result "1-0"]
[WhiteElo "1169"]
[BlackElo "1484"]
[PlyCount "107"]
[EventDate "2020.??.??"]

1. e4 e5 2. Nf3 Nc6 3. Bb5 a6 4. Ba4 Nf6 5. O-O Be7 6. Re1 b5 7. Bb3 d6 8. h3
Na5 9. c3 Nxb3 10. Qxb3 O-O 11. d4 Bb7 12. Nbd2 exd4 13. cxd4 d5 14. e5 Ne4 15.
Rd1 c5 16. dxc5 Nxc5 17. Qe3 Rc8 18. Nb3 Nxb3 19. Qxb3 Qb6 20. Be3 Qe6 21. a4
b4 22. a5 Rfe8 23. Rac1 Rc4 24. Bd4 Rec8 25. Qe3 Qc6 26. Rb1 Qg6 27. Rbc1 Qe4
28. Rb1 h6 29. Re1 Qxe3 30. Bxe3 Bc5 31. b3 Rc2 32. Bxc5 R8xc5 33. Nd4 Rd2 34.
Rbd1 Ra2 35. e6 fxe6 36. Rxe6 Rcxa5 37. Rb6 Bc8 38. Rxb4 Rb2 39. Rb8 Rc5 40.
Re1 Kf7 41. Nf3 Rc3 42. Ne5+ Kf6 43. Rb6+ Kf5 44. g4+ Kg5 45. Ng6 Rf3 46. h4+
Kxg4 47. Ne5+ Kf4 48. Nxf3 Kxf3 49. Re3+ Kf4 50. Rb4+ Kf5 51. Re8 Be6 52. Rb6
Re2 53. Rxa6 Bf7 54. Rxe2 1-0

[Event "Washington Open"]
[Site "Chess.com"]
[Date "2020.05.24"]
[Round "?"]
[White "Williamson, Mobius"]
[Black "Bunch, Drew"]
[Result "0-1"]
[WhiteElo "1399"]
[BlackElo "1169"]
[PlyCount "58"]
[EventDate "2020.??.??"]

1. c4 Nf6 2. g3 Nc6 3. Bg2 e6 4. Nc3 Bb4 5. a3 Bxc3 6. bxc3 d5 7. cxd5 Nxd5 8.
c4 Nde7 9. d3 O-O 10. Nf3 Ng6 11. Bd2 e5 12. O-O Bg4 13. h3 Be6 14. Ng5 Bc8 15.
Ne4 f5 16. Nc5 Qd6 17. Bd5+ Kh8 18. Bb4 Nxb4 19. axb4 c6 20. Bg2 b6 21. Nb3 f4
22. b5 Bb7 23. Nd2 Ne7 24. Ne4 Qh6 25. bxc6 Bxc6 26. g4 Ng6 27. Nc3 Bxg2 28.
Kxg2 f3+ 29. Kh2 Nf4 0-1

[Event "Washington Open"]
[Site "Chess.com"]
[Date "2020.05.24"]
[Round "?"]
[White "Brown, Northern"]
[Black "Bunch, Drew"]
[Result "1/2-1/2"]
[WhiteElo "1480"]
[BlackElo "1169"]
[PlyCount "75"]
[EventDate "2020.??.??"]

1. Nf3 Nf6 2. g3 d5 3. d4 Bf5 4. c4 e6 5. Nc3 Bb4 6. Bg2 O-O 7. O-O h6 8. cxd5
exd5 9. Qb3 Nc6 10. a3 Bxc3 11. bxc3 Rb8 12. Bf4 Re8 13. Rfe1 Na5 14. Qb5 Nc4
15. Ne5 c6 16. Qb4 Nh5 17. Nxc6 bxc6 18. Bxb8 Qxb8 19. Qxb8 Rxb8 20. e4 Bxe4
21. Bxe4 dxe4 22. Rxe4 Nf6 23. Re7 a5 24. Rc7 Rb6 25. a4 Nd5 26. Rc8+ Kh7 27.
Rc1 Kg6 28. Kf1 Kf5 29. Ke2 Ke6 30. Rg8 g6 31. Rh8 h5 32. Re8+ Kd7 33. Rf8 f5
34. Rg8 Ne7 35. Rg7 Kd6 36. Kf3 Rb3 37. Kf4 Ra3 38. Re1 1/2-1/2

[Event "Washington Open"]
[Site "Chess.com"]
[Date "2020.05.25"]
[Round "?"]
[White "Bunch, Drew"]
[Black "He, Justin"]
[Result "1-0"]
[WhiteElo "1169"]
[BlackElo "1562"]
[PlyCount "111"]
[EventDate "2020.??.??"]

1. e4 c6 2. d4 d5 3. exd5 cxd5 4. c4 Nf6 5. Nc3 e6 6. Bg5 Be7 7. Nf3 O-O 8.
cxd5 exd5 9. Be2 Re8 10. O-O Nc6 11. Ne5 Qb6 12. Bxf6 Bxf6 13. Nxd5 Qxb2 14.
Rb1 Qxd4 15. Nxc6 bxc6 16. Nc7 Bf5 17. Nxe8 Rxe8 18. Qxd4 Bxd4 19. Rbd1 c5 20.
Bd3 Bxd3 21. Rxd3 Re2 22. Rc1 f6 23. a3 Ra2 24. Rf3 Kf7 25. Kf1 Ke7 26. g4 Kd6
27. Rb1 Bb2 28. Rd3+ Bd4 29. Rf3 c4 30. Rd1 Ra1 31. Rxa1 Bxa1 32. Ke2 Bd4 33.
Rf4 Ke5 34. Rf5+ Ke6 35. Ra5 Bb6 36. Rh5 h6 37. f3 Bc7 38. Kd2 g6 39. Rc5 Bxh2
40. Rxc4 Bg1 41. Rc7 h5 42. gxh5 gxh5 43. Rh7 Kf5 44. Rxh5+ Kf4 45. Ke2 f5 46.
Rh4+ Kg5 47. Ra4 Bc5 48. Ra6 Kf4 49. a4 Kg5 50. a5 Kf4 51. Rc6 Bd4 52. Rc4 Ke5
53. Kd3 Bf2 54. f4+ Kd6 55. Rc1 Kd5 56. Rc8 1-0

[Event "Washington Open"]
[Site "Chess.com"]
[Date "2020.05.25"]
[Round "?"]
[White "Kolar, Tom"]
[Black "Bunch, Drew"]
[Result "0-1"]
[WhiteElo "1277"]
[BlackElo "1169"]
[PlyCount "86"]
[EventDate "2020.??.??"]

1. e4 e5 2. Nf3 Nc6 3. Bb5 a6 4. Ba4 Nf6 5. O-O Bc5 6. Re1 d6 7. h3 b5 8. Bb3
O-O 9. c3 h6 10. d4 exd4 11. cxd4 Bb6 12. Nc3 Bb7 13. a3 Re8 14. Bc2 Ne7 15. b4
Ng6 16. g3 Qd7 17. Kh2 Rad8 18. Bb2 Re7 19. Qd3 Rde8 20. Nd2 Bc8 21. g4 h5 22.
f3 hxg4 23. hxg4 Nf4 24. Qe3 Nxg4+ 25. fxg4 Qxg4 26. Qg3 Qh5+ 27. Kg1 Bxd4+ 28.
Re3 Bxe3+ 29. Qxe3 Qg4+ 30. Kf2 Qg2+ 31. Ke1 Qh1+ 32. Kf2 Qh2+ 33. Kf1 Bh3+ 34.
Qxh3 Qxh3+ 35. Kf2 Qg2+ 36. Ke3 Qg3+ 37. Kd4 Ne6+ 38. Kd5 Qg5+ 39. Kc6 Nd4+ 40.
Kb7 c5+ 41. Kb6 Rb8+ 42. Ka5 Nc6+ 43. Kxa6 Ra7# 0-1

[Event "Washington Open"]
[Site "Chess.com"]
[Date "2020.05.23"]
[Round "?"]
[White "Rodriguez, Odysseus"]
[Black "Zhang, Ethan"]
[Result "1-0"]
[WhiteElo "1499"]
[BlackElo "1169"]
[PlyCount "93"]
[EventDate "2020.??.??"]

1. d4 Nf6 2. c4 c5 3. d5 e6 4. Nf3 g6 5. Nc3 Bg7 6. Bf4 exd5 7. cxd5 d6 8. Qa4+
Bd7 9. Qb3 b6 10. Bxd6 Bf5 11. Bxb8 Rxb8 12. e3 Ne4 13. Bb5+ Kf8 14. Nxe4 Bxe4
15. Rd1 Qf6 16. Be2 Qxb2 17. Qxb2 Bxb2 18. O-O Kg7 19. Ng5 Bf5 20. g4 Bd7 21.
Rb1 Bf6 22. Ne4 Be5 23. f4 Bf6 24. Nxf6 Kxf6 25. e4 Rhe8 26. e5+ Kg7 27. Rfc1
Rbd8 28. h3 Bc8 29. Bf3 Bb7 30. Rd1 Rd7 31. Kf2 Red8 32. d6 Bxf3 33. Kxf3 f6
34. a4 Kf7 35. Ke4 Ke6 36. f5+ gxf5+ 37. gxf5+ Kf7 38. e6+ Ke8 39. exd7+ Rxd7
40. Kd5 Kd8 41. Rg1 Rf7 42. Rg8+ Kd7 43. Ra8 h5 44. Rxa7+ Ke8 45. Re1+ Kf8 46.
Rxf7+ Kxf7 47. d7 1-0

[Event "Washington Open"]
[Site "Chess.com"]
[Date "2020.05.24"]
[Round "?"]
[White "Devaraju, Sonia"]
[Black "Zhang, Ethan"]
[Result "1-0"]
[WhiteElo "1543"]
[BlackElo "1169"]
[PlyCount "87"]
[EventDate "2020.??.??"]

1. e4 e5 2. Nf3 Nc6 3. Bc4 Bc5 4. c3 Nf6 5. d4 exd4 6. e5 d5 7. Bb5 Nd7 8. cxd4
Bb4+ 9. Nc3 O-O 10. O-O f6 11. Nxd5 fxe5 12. Nxb4 Nxb4 13. Qb3+ Kh8 14. Qxb4 e4
15. Ng5 a5 16. Qb3 Qe7 17. a4 Nf6 18. Bc4 Ra6 19. Bxa6 bxa6 20. Bd2 h6 21. Nh3
Bxh3 22. Qxh3 Nd5 23. Bxa5 Qg5 24. Qg3 Qh5 25. Bxc7 Nxc7 26. Qxc7 Qg6 27. Qg3
Qf6 28. Rad1 Qb6 29. Qc3 Qg6 30. Qg3 Qb6 31. Rfe1 Qxb2 32. d5 Rd8 33. d6 Qb4
34. Rb1 Qxa4 35. Red1 Kh7 36. Qe5 Kh8 37. Qe7 Rd7 38. Qf8+ Kh7 39. Qf5+ g6 40.
Qe6 Kh8 41. Qxg6 Rb7 42. Qf6+ Kh7 43. Rxb7+ Kg8 44. Qg7# 1-0

[Event "Washington Open"]
[Site "Chess.com"]
[Date "2020.05.25"]
[Round "?"]
[White "Zhang, Ethan"]
[Black "Williamson, Mobius"]
[Result "1-0"]
[WhiteElo "1169"]
[BlackElo "1399"]
[PlyCount "35"]
[EventDate "2020.??.??"]

1. d4 d5 2. c4 c6 3. Nf3 Nf6 4. Nc3 dxc4 5. a4 Bf5 6. e3 e6 7. Bxc4 c5 8. O-O
Nc6 9. Bb5 a6 10. Bxc6+ bxc6 11. Ne5 Qc7 12. Qf3 cxd4 13. exd4 Rc8 14. Bg5 Be7
15. Rac1 O-O 16. Na2 c5 17. Bf4 Qb7 18. Qxb7 1-0

[Event "Washington Open"]
[Site "Chess.com"]
[Date "2020.05.23"]
[Round "?"]
[White "Staab, Doug"]
[Black "Williamson, Mobius"]
[Result "0-1"]
[WhiteElo "1161"]
[BlackElo "1399"]
[PlyCount "138"]
[EventDate "2020.??.??"]

1. d4 d5 2. Nf3 c6 3. g3 Nf6 4. Bf4 Bf5 5. Bg2 e6 6. Nbd2 c5 7. c3 Nc6 8. Qa4
Qb6 9. Qb3 Qxb3 10. Nxb3 c4 11. Nbd2 Be7 12. Ne5 Nxe5 13. Bxe5 O-O 14. O-O Rac8
15. Rfe1 Rfd8 16. e4 dxe4 17. Bxf6 Bxf6 18. Nxe4 Be7 19. h3 b5 20. g4 Bg6 21.
a3 a5 22. Bf1 b4 23. axb4 axb4 24. Ra7 Bf8 25. Rb7 bxc3 26. bxc3 Rd5 27. Nd2
Bd3 28. Bxd3 cxd3 29. Rb3 Rd7 30. Re3 Bd6 31. Rxd3 Rdc7 32. Kg2 Bf4 33. Ne4 f6
34. h4 Rc4 35. Kf3 Bc7 36. Rb7 e5 37. d5 Ba5 38. d6 Rd8 39. Rb5 Ra4 40. d7 Bc7
41. Rc5 Bb6 42. Rc8 Ra7 43. Rxd8+ Bxd8 44. c4 Rc7 45. c5 Kf8 46. Nd6 Rxd7 47.
c6 Rc7 48. Nb7 Be7 49. Rc3 Kf7 50. Rc4 Ke6 51. Ke4 Ba3 52. Ra4 Bb2 53. Ra7 Bd4
54. Nd8+ Kd6 55. Rxc7 Kxc7 56. Ne6+ Kxc6 57. f3 g6 58. Nf8 Kd6 59. Nxh7 Ke6 60.
h5 gxh5 61. gxh5 Bc3 62. h6 Bd2 63. Ng5+ Bxg5 64. h7 f5+ 65. Kd3 Bf6 66. Ke3
Kd5 67. Kd3 Ke6 68. Ke3 Kf7 69. f4 e4 0-1

[Event "Washington Open"]
[Site "Chess.com"]
[Date "2020.05.25"]
[Round "?"]
[White "Staab, Doug"]
[Black "Singh, Saket"]
[Result "0-1"]
[WhiteElo "1161"]
[BlackElo "1484"]
[PlyCount "34"]
[EventDate "2020.??.??"]

1. d4 d5 2. Nf3 Nf6 3. g3 c6 4. Bf4 Qb6 5. b3 Bf5 6. Bg2 Nbd7 7. O-O e6 8. Re1
Be7 9. Ne5 Nxe5 10. dxe5 Ng4 11. Rf1 g5 12. h3 Nxf2 13. Rxf2 gxf4 14. g4 Bg6
15. Kf1 O-O-O 16. Rxf4 Qe3 17. Ra4 Bc5 0-1

[Event "Washington Open"]
[Site "Chess.com"]
[Date "2020.05.23"]
[Round "?"]
[White "Brown, Northern"]
[Black "Devadithya, Hiruna"]
[Result "1-0"]
[WhiteElo "1480"]
[BlackElo "1148"]
[PlyCount "93"]
[EventDate "2020.??.??"]

1. Nf3 d5 2. g3 Nc6 3. d4 Nf6 4. Bg2 e6 5. O-O Be7 6. Nbd2 O-O 7. c4 b6 8. cxd5
exd5 9. Re1 Bg4 10. Nf1 Re8 11. Ne3 Bb4 12. Bd2 Bxd2 13. Qxd2 Ne4 14. Qd1 Bxf3
15. Bxf3 Qf6 16. Nxd5 Qd6 17. Nc3 Nxc3 18. bxc3 Rad8 19. Qa4 Ne7 20. e4 c5 21.
Rad1 Qf6 22. Kg2 cxd4 23. cxd4 Ng6 24. e5 Qf5 25. Qxa7 Rb8 26. Qa6 Red8 27. Qd3
Qg5 28. Qe4 f5 29. exf6 gxf6 30. Qg4 Qxg4 31. Bxg4 Ra8 32. Re2 Ra4 33. Be6+ Kg7
34. d5 Rd6 35. Rc2 Ra7 36. Rc6 Rxc6 37. dxc6 Ne5 38. Rc1 Rc7 39. Bd5 Kf8 40. f4
Nd3 41. Rb1 Ke7 42. Rxb6 Nc5 43. Rb5 Kd6 44. Bf3 Nd3 45. Rd5+ Ke6 46. Rxd3 Ra7
47. a3 1-0

[Event "Washington Open"]
[Site "Chess.com"]
[Date "2020.05.23"]
[Round "?"]
[White "Willy, Stephen"]
[Black "Nallabothula, Varin"]
[Result "0-1"]
[WhiteElo "1137"]
[BlackElo "1293"]
[PlyCount "164"]
[EventDate "2020.??.??"]

1. e4 e5 2. Nf3 Nf6 3. Nc3 Nc6 4. d4 Bb4 5. Bg5 exd4 6. Nxd4 h6 7. Nxc6 bxc6 8.
Bh4 g5 9. Bg3 Nxe4 10. Qd4 Bxc3+ 11. bxc3 Nf6 12. Be2 d6 13. h4 c5 14. Bb5+ Kf8
15. Qd3 Kg7 16. Qd2 Ne4 17. Qd5 Nxg3 18. fxg3 Bd7 19. Bd3 Qe7+ 20. Kd2 Be6 21.
Qf3 g4 22. Qe3 Rae8 23. Rae1 Qd7 24. Qf4 Bd5 25. Bf5 Be6 26. Bxe6 Rxe6 27.
Qxg4+ Kf8 28. Rhf1 Re7 29. Qf3 Rxe1 30. Rxe1 Kg7 31. Rf1 Re8 32. Qf6+ Kg8 33.
Qxh6 Qe7 34. Qh5 Qe3+ 35. Kd1 Re7 36. a3 Qxg3 37. Qd5 Qxh4 38. Qd2 f6 39. Re1
Qxe1+ 40. Qxe1 Rxe1+ 41. Kxe1 Kf7 42. Kf2 c4 43. Ke3 c5 44. a4 a5 45. g3 Ke6
46. Ke4 d5+ 47. Kf4 f5 48. g4 fxg4 49. Kxg4 Ke5 50. Kf3 d4 51. cxd4+ Kxd4 52.
Ke2 Kc3 53. Kd1 Kb4 54. Kd2 Kxa4 55. Kc3 Kb5 56. Kb2 Kc6 57. Ka3 Kd5 58. Ka4
Kd4 59. Kxa5 c3 60. Kb5 Ke3 61. Kc4 Kd2 62. Kxc5 Kxc2 63. Kc4 Kd2 64. Kb3 c2
65. Kc4 c1=Q+ 66. Kd5 Qc3 67. Ke4 Kd1 68. Kd5 Kc1 69. Ke4 Qd2 70. Kf5 Qe3 71.
Kf6 Qe4 72. Kg5 Qf3 73. Kh4 Qg2 74. Kh5 Qg3 75. Kh6 Qg4 76. Kh7 Qg5 77. Kh8 Kd2
78. Kh7 Kd3 79. Kh8 Ke4 80. Kh7 Ke5 81. Kh8 Kf6 82. Kh7 Qg7# 0-1